Catálogo público

Manual para recuento de células somáticas en leche de vaca por cuenta directa al microscopio / (Record no. 175328)

MARC details
000 -CABECERA
campo de control de longitud fija 05014nam a2200457 a 4500
001 - NÚMERO DE CONTROL
campo de control dia_4649
003 - IDENTIFICADOR DEL NÚMERO DE CONTROL
campo de control CHAP
005 - FECHA Y HORA DE LA ÚLTIMA TRANSACCIÓN
campo de control 20241023121058.0
007 - CAMPO FIJO DE DESCRIPCIÓN FÍSICA--INFORMACIÓN GENERAL
campo de control de longitud fija ta
008 - DATOS DE LONGITUD FIJA--INFORMACIÓN GENERAL
campo de control de longitud fija 220117s2010 mx ao frm 001 0 spa d
010 ## - NÚMERO DE CONTROL DE LA BIBLIOTECA DEL CONGRESO
Número de control de LC 175328
040 ## - FUENTE DE LA CATALOGACIÓN
Centro catalogador/agencia de origen mxchpua
Centro/agencia transcriptor CHAP
041 0# - CÓDIGO DE LENGUA
Código de lengua del texto/banda sonora o título independiente spa
Código de lengua del sumario o resumen eng
090 ## - LOCALMENTE ASIGNADO TIPO-LC NÚMERO DE CLASIFICACIÓN (OCLC); NÚMERO DE CLASIFICACIÓN LOCAL (RLIN)
Número de clasificación (OCLC) (R) ; Numero de clasificación, CALL (RLIN) (NR) Tesis
Número cutter local (OCLC) ; Número de libro/Signatura topográfica íntegra, CALL (RLIN) G664
año 2010
100 1# - ENTRADA PRINCIPAL--NOMBRE DE PERSONA
Nombre de persona González Morales, Keyla
240 10 - TÍTULO UNIFORME
Título uniforme Manual count of somatic cells in cow milk, direct microscopic account.
Lenguaje de la obra Español
245 10 - MENCIÓN DE TÍTULO
Título Manual para recuento de células somáticas en leche de vaca por cuenta directa al microscopio /
Mención de responsabilidad, etc. Keyla González Morales
264 ## - PRODUCCIÓN, PUBLICACIÓN, DISTRIBUCIÓN, FABRICACIÓN Y COPYRIGHT
Producción, publicación, distribución, fabricación y copyright Chapingo, México :
Nombre del de productor, editor, distribuidor, fabricante El autor,
Fecha de producción, publicación, distribución, fabricación o copyright 2010
300 ## - DESCRIPCIÓN FÍSICA
Extensión iii, 46 hojas :
Otras características físicas ilustraciones, tablas, fotos +
Material acompañante/anejo 1 CD-ROM
336 ## - TIPO DE CONTENIDO
Fuente rdacontent
Término de tipo de contenido texto
Código de tipo de contenido txt
337 ## - TIPO DE MEDIO
Fuente rdamedia
Nombre/término del tipo de medio no mediado
Código del tipo de medio n
338 ## - TIPO DE SOPORTE
Fuente rdacarrier
Nombre/término del tipo de soporte volumen
Código del tipo de soporte nc
502 ## - NOTA DE TESIS
Nota de tesis Tesis
Tipo de título (Ingeniero Agroindustrial) --
Nombre de la institución que otorga el título UACh. Departamento de Ingeniería Agroindustrial,
Año de obtención del título 2010
504 ## - NOTA DE BIBLIOGRAFÍA, ETC.
Nota de bibliografía, etc. Bibliografía: hojas 41-46
520 3# - SUMARIO, ETC.
Sumario, etc. En esta investigación se elaboró un manual operativo para el recuento de células somáticas en leche de vaca, por el método microscopia directa, la metodología para este manual fue basado en la NOM-F-700-COFOCALEC-2004 y la de Standard Methods for The Examination of Dairy Products, aplicable a toda leche cruda de vaca y a sus especificaciones de calidad. Se realizó en el laboratorio de lácteos del Departamento de Ingeniería Agroindustrial utilizando leche de animales del área de pastoreo del Departamento de Zootecnia, la muestra se tomo de el galón de recolección, en tubos de ensayo de previamente esterilizados y se llevaron al laboratorio en un lapso de 20 min; se prepararon las muestras rotuladas con el numero de vaca, en un baño de agua a 30-40 °C, se tomaron 10 µL de leche con la ayuda de una micropipeta y se depositaron sobre un portaobjetos que en la parte inferior fue colocada una placa guía de 20 mm X 5 mm con dos repeticiones, pasado el tiempo de secado se le añadió reactivo solución de Breed, por un tiempo de exposición de 15 min, pasado el tiempo se lavo y se seco el frotis para su análisis en el microscopio con un enfoque de 100 X, dependiendo el número de células contadas en las franjas se calculó con el factor de trabajo el número de células somáticas por cada mL de leche. Como resultado el recuento celular somático en los límites aceptables se asegura la calidad del producto final, mejores precios e incentivos para el productor, se incrementa el rendimiento en la elaboración de quesos y se alarga la vida de anaquel de los productos lácteos, se mejora la salud de las vacas y la rentabilidad de la ganadería.
520 3# - SUMARIO, ETC.
Sumario, etc. This research developed an operational manual counting of somatic cells in cow's milk, by direct microscopy method, the methodology for this manual was based on the NOM-F-700-COFOCALEC-2004 and Standard Methods for The Examination of Dairy Products, applicable to all raw cow's milk and its quality specifications. Was carried in the laboratory of milk in the Departamento de Ingeniería Agroindustrial using grazing animals in the area of Departmento de Zootecnia, Universidad Autonoma Chapingo, where he took the samples, which were 12 Holstein cows and these samples were taken in the order of the morning and discussed the four quarters, the sample was taken from the collection gallon, same as was collected in test tubes previously sterilized, were taken to the laboratory in a period no longer than 20 min, were prepared samples previously labeled with the number of cows in a water bath at 30-40 °C, it took 10 µL of milk with the help of a micropipette and deposited onto a slide at the bottom that was placed a plate guide 20 mm x 5 mm with two repeats, after the drying time was added reagent solution Breed, which was previously prepared and filtered by an exposure time of 15 min, over time washed and dried the slides for their analysis in the microscope with a 100X approach, depending on the number of cells counted in the slots is calculated by the working factor the number of somatic cells per ml of milk. With a somatic cell count among the acceptable limits ensuring final product quality, better prices or incentives for the producer, improves performance in making cheese and longer storage life of dairy products, improving health cow and the profitability of farming
650 13 - PUNTO DE ACCESO ADICIONAL DE MATERIA--TÉRMINO DE MATERIA
Término de materia o nombre geográfico como elemento de entrada Calidad de la leche
Fuente del encabezamiento o término atg
650 13 - PUNTO DE ACCESO ADICIONAL DE MATERIA--TÉRMINO DE MATERIA
Término de materia o nombre geográfico como elemento de entrada Conteo de células somáticas
Fuente del encabezamiento o término atg
650 13 - PUNTO DE ACCESO ADICIONAL DE MATERIA--TÉRMINO DE MATERIA
Término de materia o nombre geográfico como elemento de entrada Leche
Fuente del encabezamiento o término atg
650 13 - PUNTO DE ACCESO ADICIONAL DE MATERIA--TÉRMINO DE MATERIA
Término de materia o nombre geográfico como elemento de entrada Milk
Fuente del encabezamiento o término atg
650 13 - PUNTO DE ACCESO ADICIONAL DE MATERIA--TÉRMINO DE MATERIA
Término de materia o nombre geográfico como elemento de entrada Milk quality
Fuente del encabezamiento o término atg
650 13 - PUNTO DE ACCESO ADICIONAL DE MATERIA--TÉRMINO DE MATERIA
Término de materia o nombre geográfico como elemento de entrada Somatic cell count
Fuente del encabezamiento o término atg
700 1# - PUNTO DE ACCESO ADICIONAL--NOMBRE DE PERSONA
Nombre de persona Santos Moreno, Armando
Término indicativo de función/relación director
700 1# - PUNTO DE ACCESO ADICIONAL--NOMBRE DE PERSONA
Nombre de persona Esparza Torres, Félix
Término indicativo de función/relación asesor
700 1# - PUNTO DE ACCESO ADICIONAL--NOMBRE DE PERSONA
Nombre de persona Leyva Ruelas, Gabriel
Término indicativo de función/relación asesor
856 41 - LOCALIZACIÓN Y ACCESO ELECTRÓNICOS
Identificador Uniforme del Recurso <a href="http://10.13.5.2/tesis/110311.pdf">http://10.13.5.2/tesis/110311.pdf</a>
Texto de enlace DESCARGAR PDF
901 ## - ELEMENTOS DE DATOS A LOCAL LDA (RLIN)
a TESIS G664 2010
942 ## - ELEMENTOS DE PUNTO DE ACCESO ADICIONAL (KOHA)
Tipo de ítem Koha TESIS
Fuente del sistema de clasificación o colocación Clasificación Universidad Autónoma Chapingo
902 ## - ELEMENTOS DE DATOS B LOCAL, LDB (RLIN)
a M
905 ## - ELEMENTOS DE DATOS E LOCAL, LDE (RLIN)
a 5232272010 mx dnnl8223123322spa16
Holdings
Estado de retiro Estado de pérdida Fuente del sistema de clasificación o colocación Estado dañado Restricciones de uso No para préstamo Código de colección Localización permanente Ubicación/localización actual Fecha de adquisición Fuente de adquisición Total de préstamos Signatura topográfica completa Código de barras Fecha visto por última vez Fecha del último préstamo Número de copia Tipo de ítem Koha Ubicación en estantería
    Clasificación Universidad Autónoma de Chapingo   Préstamo 5 días   Tesis Ingenieria Agroindustrial Ingenieria Agroindustrial 31/10/2024 El autor 2 Tesis G664 2010 1101009676 31/10/2024 31/10/2024 Ej.3 CD  
    Clasificación Universidad Autónoma de Chapingo   Préstamo interno   Tesis Ingenieria Agroindustrial Ingenieria Agroindustrial 18/01/2022 El autor   Tesis G664 2010 1101009674 02/02/2026   Ej.1 Tesis  
    Clasificación Universidad Autónoma de Chapingo   Préstamo 5 días   Tesis Ingenieria Agroindustrial Ingenieria Agroindustrial 25/10/2024 El autor 1 Tesis G664 2010 1101009675 02/02/2026 25/10/2024 Ej.2 Tesis  
    Clasificación Universidad Autónoma de Chapingo       Tesis digitales de Licenciatura Ingenieria Agroindustrial Ingenieria Agroindustrial 23/10/2024 El autor     1201009674 23/10/2024     Tesis digital En línea